| 000 | 00757nam a22002657a 4500 | ||
|---|---|---|---|
| 003 | OSt | ||
| 005 | 20220107122831.0 | ||
| 008 | 170802b xxu||||| |||| 00| 0 eng d | ||
| 020 | _a9781787127487 | ||
| 040 | _cIIITMK | ||
| 082 | _a005.1339 FAN/P | ||
| 100 |
_aFandango, Armando _912575 |
||
| 245 |
_aPython data analysis: _bData manipulation and complex data analysis with python |
||
| 250 | _a2 | ||
| 260 |
_aBirmingham, _bPackt Publishing, _c2017. |
||
| 300 | _av,313p | ||
| 650 |
_aCOMPUTER SCIENCE _912576 |
||
| 650 |
_aPROGRAMMING LANGUAGE _912577 |
||
| 650 |
_aPYTHON _912578 |
||
| 650 |
_aDATA ANALYSIS _912579 |
||
| 650 |
_aMACHINE LEARNING _912580 |
||
| 650 |
_aDATA PROCESSING _912581 |
||
| 650 |
_aDATA SCIENCE _913060 |
||
| 942 |
_2ddc _cBK |
||
| 999 |
_c5783 _d5783 |
||